[Event "Mittelrhein Verbandsliga-N 18/19"]
[Site "Nordrheinwestfalen"]
[Date "2019.01.20"]
[Round "6.7"]
[White "Dabringhaus, Andreas"]
[Black "Kamphausen, Johannes Dieter"]
[Result "1-0"]
[WhiteElo "1863"]
[BlackElo "1739"]
[PlyCount "36"]
[EventDate "2018.09.02"]
[EventType "team-tourn"]
[EventRounds "12"]
[EventCountry "GER"]
[SourceTitle "EXT 2022"]
[Source "ChessBase"]
[SourceDate "2021.10.06"]
[SourceVersion "1"]
[SourceVersionDate "2021.10.06"]
[SourceQuality "1"]
[WhiteTeam "Leverkusen SC Bayer"]
[BlackTeam "Hitdorf SV Springer"]
[WhiteTeamCountry "GER"]
[BlackTeamCountry "GER"]

1. e4 c5 2. Nf3 d6 3. d4 cxd4 4. Qxd4 Nc6 5. Bb5 Bd7 6. Bxc6 Bxc6 7. Nc3 Nf6 8. Bg5 e6 9. 0-0-0 Be7 10. Rhe1 0-0 11. Qd2 Qa5 12. Kb1 Rfe8 13. Nd5 Qxd2 14. Nxe7+ Rxe7 15. Rxd2 Nxe4 16. Rxe4 Bxe4 17. Bxe7 Bxf3 18. gxf3 d5 1-0

[Event "Mittelrhein Regionalliga 1718"]
[Site "Nordrheinwestfalen"]
[Date "2017.12.03"]
[Round "4.6"]
[White "Jablonowski, Christoph"]
[Black "Dabringhaus, Andreas"]
[Result "0-1"]
[WhiteElo "1902"]
[BlackElo "1873"]
[PlyCount "86"]
[EventDate "2017.09.10"]
[EventType "team-tourn"]
[EventRounds "9"]
[EventCountry "GER"]
[SourceTitle "EXT 2022"]
[Source "ChessBase"]
[SourceDate "2021.10.06"]
[SourceVersion "1"]
[SourceVersionDate "2021.10.06"]
[SourceQuality "1"]
[WhiteTeam "Aachen SV II"]
[BlackTeam "Leverkusen SC Bayer"]
[WhiteTeamCountry "GER"]
[BlackTeamCountry "GER"]

1. e4 Nf6 2. e5 Nd5 3. d4 d6 4. Nf3 Bg4 5. Be2 e6 6. 0-0 Be7 7. h3 Bh5 8. c4 Nb6 9. Nc3 0-0 10. exd6 cxd6 11. Be3 Nc6 12. b3 d5 13. c5 Nc8 14. a3 Bf6 15. Rc1 Bxf3 16. Bxf3 N8e7 17. Qd2 Nf5 18. Ne2 Qa5 19. b4 Qxa3 20. b5 Nxe3 21. fxe3 Na5 22. Ra1 Nc4 23. Rxa3 Nxd2 24. Rfa1 a6 25. bxa6 bxa6 26. Rxa6 Rac8 27. Kf2 Bg5 28. R1a3 Nc4 29. Rb3 Rb8 30. Rxb8 Bxe3+ 31. Kg3 Rxb8 32. c6 g6 33. c7 Rc8 34. Rc6 Kf8 35. Nc3 Bxd4 36. Nb5 Be5+ 37. Kf2 Ke7 38. Be2 Kd7 39. Bxc4 Kxc6 40. Na7+ Kxc7 41. Nxc8 dxc4 42. Ne7 Kd7 43. Ng8 Bg7 0-1

[Event "Mittelrhein Regionalliga 1718"]
[Site "Nordrheinwestfalen"]
[Date "2017.11.12"]
[Round "3.7"]
[White "Rosskothen, Arnd"]
[Black "Dabringhaus, Andreas"]
[Result "1-0"]
[WhiteElo "2087"]
[BlackElo "1873"]
[PlyCount "67"]
[EventDate "2017.09.10"]
[EventType "team-tourn"]
[EventRounds "9"]
[EventCountry "GER"]
[SourceTitle "EXT 2022"]
[Source "ChessBase"]
[SourceDate "2021.10.06"]
[SourceVersion "1"]
[SourceVersionDate "2021.10.06"]
[SourceQuality "1"]
[WhiteTeam "Bonn Beuel"]
[BlackTeam "Leverkusen SC Bayer"]
[WhiteTeamCountry "GER"]
[BlackTeamCountry "GER"]

1. e4 Nf6 2. e5 Nd5 3. d4 d6 4. Nf3 Bg4 5. Be2 e6 6. 0-0 Be7 7. h3 Bh5 8. c4 Nb6 9. exd6 cxd6 10. Be3 0-0 11. Nc3 Nc6 12. b3 Bf6 13. Rc1 d5 14. c5 Nc8 15. a3 Bxf3 16. Bxf3 N8e7 17. b4 Nf5 18. Ne2 Nh4 19. Bg4 e5 20. b5 Na5 21. dxe5 Bxe5 22. Bd4 Qf6 23. Bxe5 Qxe5 24. Nd4 Rad8 25. Re1 Qg5 26. g3 Ng6 27. c6 bxc6 28. bxc6 Nc4 29. c7 Rc8 30. Bxc8 Rxc8 31. Nf3 Qf5 32. Rxc4 dxc4 33. Qd8+ Nf8 34. Re8 1-0

[Event "Mittelrhein Verbandsliga-M 1112"]
[Site "Germany"]
[Date "2011.12.11"]
[Round "4.5"]
[White "Dabringhaus, Andreas"]
[Black "Tbaila, Ralph"]
[Result "0-1"]
[WhiteElo "1944"]
[BlackElo "1858"]
[PlyCount "54"]
[EventDate "2011.09.18"]
[EventType "team-tourn"]
[EventRounds "11"]
[EventCountry "GER"]
[SourceTitle "EXT 2013"]
[Source "ChessBase"]
[SourceDate "2012.11.22"]
[SourceVersion "1"]
[SourceVersionDate "2012.11.22"]
[SourceQuality "1"]
[WhiteTeam "Bayer Leverkusen"]
[BlackTeam "Kalker/Deutzer SG"]
[WhiteTeamCountry "GER"]
[BlackTeamCountry "GER"]

1. e4 e5 2. Nf3 Nc6 3. d4 exd4 4. Nxd4 Bc5 5. Nxc6 bxc6 6. Bd3 d6 7. Nc3 h6 8. 0-0 Nf6 9. Na4 Bg4 10. Qe1 Bb6 11. Nxb6 cxb6 12. f4 0-0 13. Qg3 Re8 14. e5 dxe5 15. h3 e4 16. hxg4 exd3 17. cxd3 Qd4+ 18. Kh2 Rad8 19. g5 hxg5 20. fxg5 Nh5 21. Qf3 Qd6+ 22. Kh3 Qg6 23. Rd1 Rd4 24. g3 Re5 25. Bf4 Rf5 26. Qe3 Nxf4+ 27. gxf4 Rdxf4 0-1